Guess the Footballers by their Teams - Picture Edition #7 - Statistics

General Stats
  • This quiz has been taken 178 times
  • The average score is 11 of 15
Answer Stats
Picture Answer % Correct
Luis Suárez
98%
Alexander Isak
92%
Mason Mount
88%
George Best
86%
Vinícius Júnior
84%
Paulo Dybala
82%
Raúl
75%
Rivaldo
74%
Serge Gnabry
69%
Daniel Sturridge
64%
Robert Pires
62%
Nicolas Anelka
61%
Alessandro Del Piero
52%
Henrikh Mkhitaryan
45%
Rafael van der Vaart
45%
No matching quizzes found
Score Distribution
Percent of People with Each Score
Percentile by Number Answered
Your Score History
You have not taken this quiz